000 00502cam a2200193 4500
008 090401t1987 xxu||||| |||| 00| 0 eng d
020 _a0131687417
035 _a(Sirsi) u42626
041 _aeng
050 _a692.5
100 _aHardie, Glenn M.
245 _aConstruction estimating techniques
260 _aEnglewood Cliffs, NJ
_bPrentice-Hall Inc
_c1987
300 _axiii, 354p. : ill. ; 28cm.
350 _a95
650 _aQuantity surveying
_96263
942 _n0
948 _c04/03/1997
999 _c91163
_d91163